Cercle de Bourgogne - Composition - Statistiques

Statistiques générales
  • Ce quiz a été pris 15 fois
  • Le résultat moyen est 7 sur 27
Statistiques - réponses
Hint Réponse % Correct
1512-1678 Comté de Bourgogne
100%
1526-1795 Comté de Flandre
64%
1512-1795 Comté de Hainaut
57%
1512-1795 Duché de Brabant
57%
1512-1795 Duché de Luxembourg
57%
1512-1648 Comté de Hollande
50%
1526-1659 Comté d'Artois
43%
1512-1648 Comté de Zélande
43%
1512-1795 Duché de Limbourg
43%
1512-1648 Seigneurie de Frise
43%
1512-1795 Comté de Namur
36%
1512-1795 Marquisat d’Anvers
36%
1548-1648 Principauté d'Utrecht
21%
1548-1581 Duché de Gueldre
14%
1512-1794 Maastricht
14%
1526-1795 Tournai
14%
1512-1678 Besançon
7%
1512-1648 Comté d'Egmond
0%
1512-1588 Comté de Horn
0%
1548-1648 Comté de Zutphen
0%
1512-1648 Comté d'Ijsselstein
0%
1548-1648 Groningue
0%
1512-1795 Seigneurie de Bergh
0%
1548-1588 Seigneurie de Jever
0%
1512-1795 Seigneurie de Malines
0%
1548-1648 Seigneurie d'Overijssel
0%
1512-1648 Terre de Drenthe
0%
Aucun quiz correspondant
Distribution des résultats
% des personnes avec chaque résultat
Percentile par nombre de réponses
Votre historique - résultats
Vous n’avez pas pris ce quiz